000 00559nam a2200169Ia 4500
008 240729s9999 xx 000 0 und d
022 _a2383-4536
245 0 _aJournal of Applied and Computational Mechanics
260 _aIran, Islamic Republic of
260 _bShahid Chamran University of Ahvaz
650 _a Engineering (General). Civil engineering (General)
650 _a Mechanics of engineering. Applied mechanics
650 _aTechnology
856 _uhttps://doaj.org/toc/62d42d9caa8d42ae9f9062b917242370
942 _2ddc
942 _cDOAJEJ
999 _c65631
_d65631
945 _a1
_bMadushi Gamage
_c1
_dMadushi Gamage